A user's guide to network analysis in R

Furkejuvvon:
Bibliográfalaš dieđut
Váldodahkki: Luke, Douglas A. (autor)
Materiálatiipa: Girji
Giella:eaŋgalasgiella
Almmustuhtton: Cham Springer 2015
Ráidu:Use R!
Fáttát:
Fáddágilkorat: Lasit fáddágilkoriid
Eai fáddágilkorat, Lasit vuosttaš fáddágilkora!

MARC

LEADER 00000cam a2200000 a 4500
001 UCC8599
003 CL-VaPUC
005 20231213190720.0
008 190719e20150000sz |||||||||||||||||eng|d
999 |c 374873  |d 374871 
020 |a 9783319238821 
040 |c Pontificia Universidad Católica de Valparaíso 
082 0 4 |a 302.30285 LUK 2015  |2 21 
100 |a Luke, Douglas A.  |e autor  |9 603288 
245 1 2 |a A user's guide to network analysis in R 
260 |a Cham  |b Springer  |c 2015 
300 |a 238 páginas 
490 0 |a Use R! 
583 |a last modification  |c 20190719 13:28:00  |k Rodrigo Vera 
650 0 |a Ciencias sociales   |9 256351 
650 0 |a Proceso de datos   |9 259776 
942 |c BK  |2 ddc 
945 |d 20190719 13:28:00  |a dcastane 
952 |0 0  |1 0  |2 ddc  |3 erb  |4 0  |6 302_302850000000000_LUK_2015  |7 0  |8 A  |9 493612  |a BIBCUR  |b BIBCUR  |i 5555817  |o 302.30285 LUK 2015  |p 5555817  |r 2025-04-22  |t 1  |w 2019-11-24  |y BK  |z Catalogado en:20190719  |k BIO 
952 |0 0  |1 0  |2 ddc  |3 erb  |4 0  |6 302_302850000000000_LUK_2015  |7 0  |8 A  |9 493613  |a BIBCUR  |b BIBCUR  |i 5555809  |o 302.30285 LUK 2015  |p 5555809  |r 2025-04-22  |t 2  |w 2019-11-24  |y BK  |z Catalogado en:20190719  |k BIO 
952 |0 0  |1 0  |2 ddc  |3 erb  |4 0  |6 302_302850000000000_LUK_2015  |7 0  |8 A  |9 493614  |a BIBCUR  |b BIBCUR  |i 5555795  |o 302.30285 LUK 2015  |p 5555795  |r 2025-04-22  |t 3  |w 2019-11-24  |y BK  |z Catalogado en:20190719  |k BIO 
952 |0 0  |1 0  |2 ddc  |3 erb  |4 0  |6 302_302850000000000_LUK_2015  |7 0  |8 A  |9 493615  |a BIBCUR  |b BIBCUR  |i 5555787  |o 302.30285 LUK 2015  |p 5555787  |r 2025-04-22  |t 4  |w 2019-11-24  |y BK  |z Catalogado en:20190719  |k BIO